000
00286nam a22001097a 4500
008
170110b xxu||||| |||| 00| 0 eng d
020
_a
9780721647876
041
_a
eng
080
_a
618.2
245
_a
LABORATORY TESTING FOR AMBULATORY SETTINGS
_c
GARRELS, M & OATIS, C.S
942
_2
udc
_c
BK
999
_c
2631
_d
2631